00453nam a2200133 a 450000100100000000500170001000800410002704000250006811100640009324500450015726000390020230000290024171000490027000004468620240313073819.0141216s2013 dr c 000 0 spa d aDO-SdBNPbspacBNPHU2 aFestival de cine global dominicanon7:b2013: 12-20 de nov.10a7mo. Festival de Cine Global Dominicano. aSanto Domingo, :bFUNGLODE,c2013. a23 p. :bretr. ;c22 cm.2 aFundación Global Democracía y Desarrollo